[Event "Qatar Masters Open 2024"]
[Site "Doha QAT"]
[Date "2024.12.07"]
[Round "5.11"]
[White "Raja, Rithvik R"]
[Black "Pranav, V"]
[Result "1-0"]
[WhiteTitle "GM"]
[BlackTitle "GM"]
[WhiteElo "2521"]
[BlackElo "2621"]
[WhiteFideId "35007394"]
[BlackFideId "25060783"]
[EventDate "2024.12.03"]

1. Nf3 Nf6 2. c4 e6 3. Nc3 d5 4. d4 Nbd7 5. Qc2 c5 6. cxd5 Nxd5 7. Nxd5 exd5 8.
g3 Be7 9. dxc5 Nxc5 10. Bg2 O-O 11. O-O Bg4 12. Be3 Rc8 13. Rfd1 Qd6 14. Ng5
Bxg5 15. Rxd5 Qa6 16. Bxg5 Ne6 17. Qd2 Bxe2 18. Ra5 Qb6 19. Be3 Qc7 20. Rd5 Ba6
21. Bxa7 b6 22. Rd7 Qc5 23. b4 Qf5 24. Bxb6 Ng5 25. Qd5 Nh3+ 26. Bxh3 Qxh3 27.
b5 Rb8 28. bxa6 Rxb6 29. Rd8 1-0

[Event "Qatar Masters Open 2024"]
[Site "Doha QAT"]
[Date "2024.12.07"]
[Round "5.12"]
[White "Paravyan, David"]
[Black "Nandhidhaa, P V"]
[Result "1-0"]
[WhiteTitle "GM"]
[BlackTitle "WGM"]
[WhiteElo "2620"]
[BlackElo "2339"]
[WhiteFideId "4194985"]
[BlackFideId "5050847"]
[EventDate "2024.12.03"]

1. e4 c5 2. Nf3 e6 3. d4 cxd4 4. Nxd4 Nc6 5. Nc3 Qc7 6. f4 a6 7. Nxc6 bxc6 8.
Qf3 d5 9. Be3 Nf6 10. O-O-O Be7 11. Bd4 O-O 12. Bd3 Nd7 13. Qg3 Bf6 14. Bxf6
Nxf6 15. Rhf1 d4 16. e5 Nh5 17. Bxh7+ Kxh7 18. Qd3+ Kg8 19. Qxd4 f5 20. Na4 Qa5
21. a3 Rb8 22. Nc5 Rb5 23. Rf3 Qc7 24. c4 Rb6 25. Qd6 Qf7 26. b4 g6 27. g3 Ng7
28. Rfd3 Qa7 29. Qxf8+ Kxf8 30. Rd8+ Ke7 31. Rxc8 Rb8 32. Rxc6 Rd8 33. Rdd6 Ne8
34. Rxa6 Qc7 35. Rdc6 Qb8 36. Rcb6 Qc8 37. Rc6 Qb8 38. Rab6 Qa8 39. a4 Rc8 40.
Rxc8 Qxc8 41. a5 Nc7 42. a6 Na8 43. Rxe6+ Kf7 44. Rd6 Qh8 45. Rd7+ Ke8 46. Ra7
Nb6 47. Rb7 Qxh2 48. Rxb6 Qa2 49. Rb8+ Ke7 50. Rb7+ Ke8 51. a7 Qa1+ 52. Kc2 Qa2+
53. Kc3 Qa1+ 54. Kb3 Qd1+ 55. Ka2 Qc2+ 56. Ka3 Qc1+ 57. Ka4 1-0

[Event "Qatar Masters Open 2024"]
[Site "Doha QAT"]
[Date "2024.12.07"]
[Round "5.14"]
[White "Aaditya, Dhingra"]
[Black "Maghsoodloo, Parham"]
[Result "0-1"]
[WhiteTitle "IM"]
[BlackTitle "GM"]
[WhiteElo "2448"]
[BlackElo "2703"]
[WhiteFideId "25678191"]
[BlackFideId "12539929"]
[EventDate "2024.12.03"]

1. Nf3 d5 2. c4 d4 3. b4 Bg4 4. g3 Bxf3 5. exf3 e5 6. Bg2 Bxb4 7. f4 Nd7 8. fxe5
Ne7 9. O-O O-O 10. Qe2 d3 11. Qxd3 Nxe5 12. Qb3 N7c6 13. Bb2 a5 14. a3 a4 15.
Qc2 Bc5 16. Bxe5 Nxe5 17. Nc3 c6 18. Nxa4 Bd4 19. Rab1 f5 20. c5 Kh8 21. Nc3 f4
22. Ne4 Rxa3 23. Rxb7 h6 24. gxf4 Nf3+ 25. Bxf3 Rxf3 26. Rb3 R3xf4 27. Rg3 Be5
28. Rg2 Rf3 29. Qc4 R8f4 30. Qe2 Qd5 31. Re1 Bd4 32. Kf1 h5 33. Rg3 Qxe4 34.
Rxf3 Qxf3 0-1

[Event "Qatar Masters Open 2024"]
[Site "Doha QAT"]
[Date "2024.12.07"]
[Round "5.15"]
[White "Artemiev, Vladislav"]
[Black "Zou, Chen"]
[Result "1-0"]
[WhiteTitle "GM"]
[BlackTitle "IM"]
[WhiteElo "2701"]
[BlackElo "2449"]
[WhiteFideId "24101605"]
[BlackFideId "8610959"]
[EventDate "2024.12.03"]

1. e4 c5 2. Nc3 e6 3. Nf3 Nc6 4. d4 cxd4 5. Nxd4 Qc7 6. Ncb5 Qb8 7. Bd3 Nf6 8.
O-O Be7 9. Qe2 O-O 10. Bg5 d6 11. f4 e5 12. Nb3 exf4 13. Bxf4 Ne5 14. Kh1 Bd7
15. N3d4 Qd8 16. Nc3 Rc8 17. h3 a6 18. Rad1 Re8 19. Bxe5 dxe5 20. Nf5 b5 21. a4
b4 22. Nd5 Nxd5 23. exd5 Bxa4 24. Nxg7 Kxg7 25. Rxf7+ Kxf7 26. Qh5+ Kf8 27. Qh6+
Kf7 28. Qxh7+ Kf8 29. Qh6+ Kf7 30. Bg6+ 1-0

[Event "Qatar Masters Open 2024"]
[Site "Doha QAT"]
[Date "2024.12.07"]
[Round "5.16"]
[White "Shyaam Nikhil P"]
[Black "Tabatabaei, M. Amin"]
[Result "0-1"]
[WhiteTitle "GM"]
[BlackTitle "GM"]
[WhiteElo "2445"]
[BlackElo "2695"]
[WhiteFideId "5024218"]
[BlackFideId "12521213"]
[EventDate "2024.12.03"]

1. e4 g6 2. d4 Bg7 3. Nc3 d6 4. Be3 Nf6 5. Qd2 c6 6. Bh6 Bxh6 7. Qxh6 e5 8. Nge2
Nbd7 9. f3 b5 10. dxe5 dxe5 11. h4 Qe7 12. Ng3 Nc5 13. h5 Be6 14. Rd1 a5 15. b3
Ncd7 16. hxg6 fxg6 17. Qd2 Kf7 18. Qd6 Rac8 19. Qxe7+ Kxe7 20. a4 Nb6 21. Bd3
bxa4 22. Nxa4 Nxa4 23. bxa4 Nd7 24. Nf1 Rb8 25. Nd2 Rb4 26. Ke2 Nc5 27. Ra1 Rxa4
28. Rxa4 Nxa4 29. Ra1 Nc3+ 30. Ke3 Ra8 31. Ra3 Nd1+ 32. Ke2 Nb2 33. Nb3 a4 34.
Nc5 Ra5 35. Nxe6 Kxe6 36. Kd2 Nxd3 37. Kxd3 Kd6 38. Kc4 c5 39. g3 h5 40. f4 Ke6
41. Kd3 Ra8 42. Kc4 Ra5 43. Kd3 Kd6 44. c4 Ke6 45. Ke3 Ra7 46. Kf3 Kf6 47. Ke3
Ra6 48. Kf3 g5 49. f5 g4+ 50. Kf2 Kg5 51. Kg2 h4 52. gxh4+ Kxh4 53. Kh2 Ra7 54.
Kg2 Kg5 55. Kg3 Ra6 0-1

[Event "Qatar Masters Open 2024"]
[Site "Doha QAT"]
[Date "2024.12.07"]
[Round "5.17"]
[White "Nguyen, Ngoc Truong Son"]
[Black "Mamedov, Edgar"]
[Result "1/2-1/2"]
[WhiteTitle "GM"]
[BlackTitle "IM"]
[WhiteElo "2646"]
[BlackElo "2441"]
[WhiteFideId "12401110"]
[BlackFideId "13739980"]
[EventDate "2024.12.03"]

1. d4 d5 2. c4 e6 3. Nf3 Nf6 4. g3 Be7 5. Bg2 O-O 6. O-O Nbd7 7. Qc2 c6 8. Nbd2
b6 9. e4 dxc4 10. Nxc4 Bb7 11. Rd1 c5 12. e5 Nd5 13. Qe4 b5 14. Nd6 Bxd6 15. Ng5
g6 16. exd6 N7f6 17. Qh4 Qxd6 18. dxc5 Qxc5 19. Nf3 Rac8 20. Ne5 Qc7 21. Re1 h5
22. Bh6 Rfe8 23. Rad1 Nh7 24. Rc1 Qd6 25. Qd4 Qb6 26. Qh4 Rc7 27. h3 Ba8 28.
Rxc7 Qxc7 29. Qd4 Qb6 30. Qd3 Qb7 31. Bf3 Nhf6 32. a3 Kh7 33. Bg5 Nd7 34. Bd2
Nxe5 35. Rxe5 Qd7 36. Rxh5+ Kg8 37. Rg5 Rd8 38. Qe2 a6 39. h4 Ne7 40. Bb4 Bxf3
41. Qxf3 Qd1+ 42. Kg2 Qxf3+ 43. Kxf3 Nd5 44. Bc5 Rc8 45. b4 Kh7 46. Re5 a5 1/2-1/2

[Event "Qatar Masters Open 2024"]
[Site "Doha QAT"]
[Date "2024.12.07"]
[Round "5.18"]
[White "Mendonca, Leon Luke"]
[Black "Nigmatov, Ortik"]
[Result "1-0"]
[WhiteTitle "GM"]
[BlackTitle "IM"]
[WhiteElo "2642"]
[BlackElo "2447"]
[WhiteFideId "35028561"]
[BlackFideId "14202131"]
[EventDate "2024.12.03"]

1. c4 e5 2. Nc3 Nc6 3. Nf3 f5 4. d4 e4 5. Nd2 Nf6 6. e3 Bb4 7. Qb3 a5 8. Be2 O-O
9. O-O Kh8 10. Nb5 d5 11. a3 Bxd2 12. Bxd2 Ne7 13. a4 dxc4 14. Bxc4 c6 15. Nc3
Qd6 16. h3 Rd8 17. Rfc1 Nfd5 18. Bxd5 Nxd5 19. Nxd5 Qxd5 20. Qb6 Qg8 21. Bxa5
Be6 22. b4 Rd7 23. b5 Bd5 24. Bd2 Qf7 25. a5 f4 26. a6 bxa6 27. bxc6 Rc7 28. Rc5
Rac8 29. Qa5 Bb3 30. Rf5 Qg6 31. Rxf4 Rxc6 32. d5 Rd6 33. Qc3 1-0

[Event "Qatar Masters Open 2024"]
[Site "Doha QAT"]
[Date "2024.12.07"]
[Round "5.19"]
[White "Harsh, Suresh"]
[Black "Ivanchuk, Vasyl"]
[Result "0-1"]
[WhiteTitle "IM"]
[BlackTitle "GM"]
[WhiteElo "2420"]
[BlackElo "2630"]
[WhiteFideId "45018464"]
[BlackFideId "14100010"]
[EventDate "2024.12.03"]

1. e4 d6 2. d4 Nf6 3. Nc3 g6 4. Be3 c6 5. Qd2 b5 6. Bd3 Nbd7 7. h3 e5 8. Nf3 Bb7
9. O-O a6 10. a4 b4 11. Ne2 exd4 12. Bxd4 c5 13. Bxf6 Qxf6 14. c3 Ne5 15. Nxe5
dxe5 16. Bc4 Rd8 17. Qe3 Be7 18. Nc1 O-O 19. Nb3 Kg7 20. f3 Bc8 21. Rfd1 bxc3
22. bxc3 Rxd1+ 23. Rxd1 Qc6 24. Ra1 Qc7 25. Qe2 Rd8 26. Bd5 Qb6 27. a5 Qf6 28.
Nd2 Bd7 29. Rb1 c4 30. Rb7 Bc6 31. Rc7 Bxd5 32. exd5 Rxd5 33. Ne4 Qe6 34. Qxc4
Bd8 35. Rc6 Rd1+ 36. Kh2 Qxc4 37. Rxc4 f5 38. Nc5 Bxa5 39. Nxa6 Bb6 40. Nc5 h5
41. h4 Kf7 42. g3 Ke7 43. Nb3 Rb1 44. Nc5 Kd6 45. Na4 Be3 46. Rb4 Rf1 47. Nb2
Bc5 48. Rb5 Kc6 49. Rb8 Rxf3 50. Na4 Bf2 51. Kg2 e4 52. c4 Bd4 53. Rd8 Rf2+ 54.
Kg1 Be3 55. Kh1 Rc2 56. c5 Kb5 57. Nb6 Bxc5 58. Nd7 Bd6 59. Rg8 e3 60. Re8 e2 0-1

[Event "Qatar Masters Open 2024"]
[Site "Doha QAT"]
[Date "2024.12.07"]
[Round "5.20"]
[White "Adhiban, Baskaran"]
[Black "Mahdavi, Reza"]
[Result "1/2-1/2"]
[WhiteTitle "GM"]
[BlackTitle "FM"]
[WhiteElo "2535"]
[BlackElo "2394"]
[WhiteFideId "5018471"]
[BlackFideId "12595926"]
[EventDate "2024.12.03"]

1. e4 c5 2. Nf3 d6 3. d4 cxd4 4. Nxd4 Nf6 5. Nc3 a6 6. Bg5 e6 7. Qf3 Nbd7 8.
O-O-O Qc7 9. Bxf6 Nxf6 10. g4 h6 11. h4 Nd7 12. g5 hxg5 13. hxg5 Ne5 14. Qg2
Rxh1 15. Qxh1 Ng6 16. Nce2 Qa5 17. f4 Qxa2 18. Nb3 Qa4 19. f5 exf5 20. Nc3 Qc6
21. Nd4 Qc5 22. exf5 Ne5 23. g6 fxg6 24. fxg6 Bg4 25. Qxb7 Qa7 26. Qxa7 Rxa7 27.
Re1 Re7 28. Kd2 Nxg6 29. Ra1 Ne5 30. Rxa6 Rb7 31. Ra8+ Kf7 32. Bg2 Rb4 33. Bd5+
Kg6 34. Nc6 Rf4 35. Ke3 Rf1 36. Bg2 Rf7 37. b4 Kh5 38. b5 g6 39. Nxe5 dxe5 40.
Ne4 Bh6+ 41. Kd3 Rd7+ 42. Kc3 Rc7+ 43. Kb3 Be6+ 44. Kb2 Be3 45. b6 Re7 46. Rh8+
Kg4 47. Rf8 Rf7 48. Rxf7 Bxf7 49. Nf6+ Kg3 50. Bd5 Bxd5 51. Nxd5 Bc5 52. Kb3 e4
53. b7 Ba7 54. Ne7 Bb8 55. Nc6 Bc7 56. Kc4 e3 57. Kd3 Kf2 58. Nd4 Bb8 59. Ke4 e2
60. Nxe2 1/2-1/2

[Event "Qatar Masters Open 2024"]
[Site "Doha QAT"]
[Date "2024.12.07"]
[Round "5.21"]
[White "Kunal, M."]
[Black "Harutyunyan, Tigran K."]
[Result "0-1"]
[WhiteTitle "FM"]
[BlackTitle "GM"]
[WhiteElo "2292"]
[BlackElo "2524"]
[WhiteFideId "5018250"]
[BlackFideId "13303635"]
[EventDate "2024.12.03"]

1. e4 e5 2. Nf3 Nc6 3. Bb5 a6 4. Ba4 Nf6 5. O-O Be7 6. Re1 b5 7. Bb3 d6 8. c3
O-O 9. h3 h6 10. d4 Re8 11. Nbd2 Bd7 12. Nf1 a5 13. a4 bxa4 14. Bxa4 exd4 15.
cxd4 Nb4 16. Ng3 Bf8 17. b3 Bxa4 18. Rxa4 Nd7 19. Bb2 d5 20. e5 c5 21. Nh5 c4
22. Nf4 cxb3 23. Qxb3 Nb6 24. Raa1 Qc8 25. e6 fxe6 26. Rac1 Nc4 27. Ne5 a4 28.
Qg3 Qd8 29. Nxc4 dxc4 30. Rxc4 Nd5 31. Nxe6 Qd7 32. Qe5 Ra6 0-1

[Event "Qatar Masters Open 2024"]
[Site "Doha QAT"]
[Date "2024.12.07"]
[Round "5.22"]
[White "George Samir, David"]
[Black "Shuvalova, Polina"]
[Result "1/2-1/2"]
[WhiteTitle "FM"]
[BlackTitle "IM"]
[WhiteElo "2272"]
[BlackElo "2504"]
[WhiteFideId "10657789"]
[BlackFideId "24171760"]
[EventDate "2024.12.03"]

1. e4 e5 2. Nf3 Nc6 3. Bb5 a6 4. Ba4 Nf6 5. O-O Be7 6. Re1 b5 7. Bb3 O-O 8. a4
Bb7 9. d3 d6 10. Bd2 Qd7 11. h3 h6 12. Nc3 Na5 13. Ba2 b4 14. Ne2 c5 15. Ng3
Rfe8 16. Nf5 Bf8 17. g4 d5 18. exd5 e4 19. dxe4 Nxe4 20. Bf4 b3 21. cxb3 Qxd5
22. b4 Qxd1 23. Raxd1 cxb4 24. Bd5 Nc5 25. Rxe8 Rxe8 26. Nd6 Bxd6 27. Bxd6 Nxa4
28. Bxb4 Nxb2 29. Bxa5 Nxd1 30. Bxb7 Re2 31. Be1 a5 32. Kf1 Re7 33. Bc6 Rc7 34.
Ne5 f6 35. Bxa5 Rc8 36. Bd5+ Kh7 37. Nc6 Nb2 38. Bc3 Nd3 39. Be4+ Kh8 40. Bd4
Nf4 41. h4 Ra8 42. f3 Ra2 43. Ne7 Ra4 44. Be3 Ra1+ 45. Kf2 Ra2+ 46. Kg3 Ne2+ 47.
Kh3 Ra3 48. Bc5 Rc3 49. Bd6 Nd4 50. Kg3 Ne6 51. Bd5 Nf8 52. Kf4 Rd3 53. Ke4 Rd1
54. h5 Kh7 55. Kf5 Rd2 56. Ba3 Rd3 57. Bb4 Rd4 58. Bc5 Rd1 59. Bg8+ Kh8 60. Bf7
Ra1 61. Nc6 Rc1 62. Bxf8 Rxc6 63. Be7 Rc7 64. Ke6 Ra7 65. f4 Ra6+ 66. Bd6 Kh7
67. Be8 Rb6 68. Ke7 Ra6 69. Bd7 Ra7 70. Ke8 Ra8+ 71. Ke7 Ra7 72. Ke6 Ra6 73. Kd5
Ra7 74. Bb5 Kh8 75. Ke6 Rb7 76. Bc6 Rb6 77. Be4 Ra6 78. Bd5 Kh7 79. Bc4 Rb6 80.
Bd3+ Kh8 81. Kd5 Rb3 82. Bg6 Rb5+ 83. Kc6 Ra5 84. Kb6 Ra4 85. Bf5 Kg8 86. Be6+
Kh7 87. Bd7 Ra1 88. Bc6 Kh8 89. Bb8 Rg1 90. Bd7 Rc1 91. Bd6 Ra1 92. Bc5 Rf1 93.
Bd6 Rc1 94. Bf5 Kg8 95. Be6+ Kh8 1/2-1/2

[Event "Qatar Masters Open 2024"]
[Site "Doha QAT"]
[Date "2024.12.07"]
[Round "5.23"]
[White "Madaminov, Mukhiddin"]
[Black "Ajay Santhosh Parvathareddy"]
[Result "1-0"]
[WhiteTitle "GM"]
[BlackTitle "FM"]
[WhiteElo "2501"]
[BlackElo "2299"]
[WhiteFideId "14210703"]
[BlackFideId "25998676"]
[EventDate "2024.12.03"]

1. e4 c5 2. Nf3 d6 3. Bb5+ Nd7 4. O-O a6 5. Bxd7+ Bxd7 6. c3 Nf6 7. Re1 e6 8. d4
cxd4 9. cxd4 d5 10. e5 Ne4 11. Nfd2 Nxd2 12. Nxd2 Bb4 13. Qb3 Qa5 14. Qe3 Rc8
15. Nb3 Qb6 16. Bd2 Bxd2 17. Qxd2 Qd8 18. Nc5 Bc6 19. Re3 a5 20. Rg3 b6 21. Nd3
g6 22. Qh6 Qe7 23. Ne1 Qf8 24. Qd2 Kd7 25. Rb3 Qd8 26. Nf3 Ba4 27. Ra3 Bc2 28.
Rc1 Bf5 29. Rac3 Qe7 30. Qe2 Qb4 31. Qa6 Rxc3 32. Qb7+ Ke8 33. Rxc3 Kf8 34. Ng5
Kg7 35. Qxf7+ Kh6 36. Nxe6 1-0

[Event "Qatar Masters Open 2024"]
[Site "Doha QAT"]
[Date "2024.12.07"]
[Round "5.24"]
[White "Kazhgaleyev, Murtas"]
[Black "Al Hosani, Omran"]
[Result "1/2-1/2"]
[WhiteTitle "GM"]
[BlackTitle "IM"]
[WhiteElo "2488"]
[BlackElo "2239"]
[WhiteFideId "13700316"]
[BlackFideId "9308733"]
[EventDate "2024.12.03"]

1. d4 d5 2. c4 e6 3. Nc3 c5 4. e3 Nf6 5. cxd5 exd5 6. Nf3 Nc6 7. Bb5 a6 8. Bxc6+
bxc6 9. O-O Bd6 10. dxc5 Bxc5 11. Qc2 Be7 12. b3 O-O 13. Bb2 Be6 14. Na4 Rc8 15.
Bxf6 Bxf6 16. Nd4 Bxd4 17. exd4 Qf6 18. Qc3 Rfe8 19. Rfe1 Bf5 20. Nc5 a5 21.
Rad1 h5 22. Qxa5 h4 23. h3 g5 24. Qd2 g4 25. Qf4 gxh3 26. gxh3 Kh7 27. Kh2 Rg8
28. Rg1 Rg6 29. Qe5 Qxe5+ 30. dxe5 Re8 31. Rxg6 Kxg6 32. f4 f6 33. Rg1+ Kf7 34.
Re1 fxe5 35. fxe5 d4 36. a4 d3 37. e6+ Bxe6 38. Nxd3 Rd8 39. Re3 Kf6 40. b4 Bc4
41. Nc5 Rd2+ 42. Kg1 Rb2 43. Re4 Rxb4 44. Rxh4 Rb1+ 45. Kf2 Bd5 46. a5 Rb5 47.
Nd7+ Ke6 48. Nb6 Rxa5 49. Rh6+ Kf7 50. Nxd5 1/2-1/2

[Event "Qatar Masters Open 2024"]
[Site "Doha QAT"]
[Date "2024.12.07"]
[Round "5.25"]
[White "Khoder, Akram"]
[Black "Chanda, Sandipan"]
[Result "0-1"]
[WhiteTitle "FM"]
[BlackTitle "GM"]
[WhiteElo "2232"]
[BlackElo "2480"]
[WhiteFideId "5306914"]
[BlackFideId "5004225"]
[EventDate "2024.12.03"]

1. d4 f5 2. Nc3 Nf6 3. Bg5 d5 4. Bxf6 exf6 5. e3 Be6 6. Bd3 Nc6 7. Nge2 Qd7 8.
a3 g5 9. Na4 b6 10. b3 Na5 11. Ba6 Bd6 12. Qd3 O-O 13. h4 f4 14. exf4 gxf4 15.
Qd2 f3 16. gxf3 Kh8 17. Nac3 Rae8 18. Kd1 Bh3 19. Kc1 Bg2 20. Rg1 Bxf3 21. Kb2
Bh2 22. Rge1 Qg4 23. Qh6 Qg6 24. Qxg6 hxg6 25. Ng3 c6 26. b4 Nc4+ 27. Bxc4 dxc4
28. b5 cxb5 29. Nxb5 a6 30. Nc7 c3+ 31. Kxc3 Rxe1 32. Rxe1 Rc8 33. Re7 Bg1 34.
Kd3 Bxf2 35. Ne2 Bxe2+ 36. Rxe2 Bxd4 37. Nd5 Be5 38. Nxb6 Rd8+ 39. Kc4 Rd4+ 40.
Kc5 Rxh4 41. Nd7 Bc3 42. Kd5 f5 43. Re3 Rd4+ 44. Kc6 Bb2 45. Ne5 Kg7 46. Rg3 Kf6
47. Nxg6 Rg4 48. Rb3 Rxg6 49. Rxb2 Ke5+ 50. Kc5 f4 51. Kc4 Ke4 52. Rb8 Rc6+ 53.
Kb3 f3 54. Rf8 Rc5 55. c4 Rf5 56. Re8+ Kd3 57. Rd8+ Ke2 58. Re8+ Kd1 0-1

[Event "Qatar Masters Open 2024"]
[Site "Doha QAT"]
[Date "2024.12.07"]
[Round "5.26"]
[White "Ashraf, Artin"]
[Black "Petrosyan, Manuel"]
[Result "1-0"]
[WhiteTitle "FM"]
[BlackTitle "GM"]
[WhiteElo "2388"]
[BlackElo "2612"]
[WhiteFideId "22514805"]
[BlackFideId "13300857"]
[EventDate "2024.12.03"]

1. e4 e5 2. Nf3 Nc6 3. Bb5 a6 4. Ba4 Nf6 5. O-O Be7 6. d3 b5 7. Bb3 d6 8. Bd2 a5
9. a4 b4 10. h3 O-O 11. Re1 Be6 12. Be3 Qd7 13. Nbd2 h6 14. Nc4 Rfe8 15. c3 bxc3
16. bxc3 Qc8 17. Ncd2 d5 18. Qc2 Bd6 19. Rab1 Ne7 20. d4 dxe4 21. Bxe6 Qxe6 22.
Nxe4 Nxe4 23. dxe5 Nd5 24. exd6 Qxd6 25. Bd4 Ng5 26. Nxg5 hxg5 27. Qf5 f6 28. c4
Nf4 29. Be3 Qd3 30. Qc5 Ne6 31. Qc6 Qd6 32. Qxd6 cxd6 33. Rb6 Nc5 34. Rxd6 Nxa4
35. Rc1 Nb2 36. Rc2 Reb8 37. Rdd2 Na4 38. c5 Rb1+ 39. Kh2 Rc8 40. c6 Kf7 41.
Rd7+ Ke6 42. Rxg7 Rb4 43. c7 Kd6 44. Rf7 Ke6 45. Rg7 Kd6 46. Rd2+ Kc6 47. Rf7
Kb7 48. Rd5 Nc3 49. Rxa5 Ne4 50. f3 Rb3 51. Bd4 Rd3 52. Rb5+ Ka8 53. Rb8+ Rxb8
54. cxb8=Q+ Kxb8 55. Ba7+ 1-0

[Event "Qatar Masters Open 2024"]
[Site "Doha QAT"]
[Date "2024.12.07"]
[Round "5.27"]
[White "Bharadia Yash"]
[Black "Quesada Perez, Luis Ernesto"]
[Result "1/2-1/2"]
[WhiteTitle "CM"]
[BlackTitle "GM"]
[WhiteElo "2385"]
[BlackElo "2564"]
[WhiteFideId "45087822"]
[BlackFideId "3520773"]
[EventDate "2024.12.03"]

1. e4 e5 2. Nf3 Nc6 3. Bb5 a6 4. Ba4 Nf6 5. O-O Be7 6. Re1 b5 7. Bb3 O-O 8. a4
d5 9. axb5 dxe4 10. bxc6 exf3 11. Qxf3 e4 12. Qe2 Re8 13. Nc3 Bd6 14. h3 Re5 15.
Ra4 Bxh3 16. Nxe4 Bg4 17. Qf1 Nxe4 18. Raxe4 Rxe4 19. Rxe4 Qh4 20. g3 Qh5 21.
Bxf7+ Kxf7 22. Qc4+ Kf8 23. Rxg4 Re8 24. Re4 Rxe4 25. Qxe4 Qd1+ 26. Kg2 Qxc1 27.
Qf5+ Ke7 28. Qe4+ Kf6 29. Qd4+ Kf7 30. Qd5+ Ke7 31. Qe4+ Kf8 32. Qf5+ Ke7 1/2-1/2

[Event "Qatar Masters Open 2024"]
[Site "Doha QAT"]
[Date "2024.12.07"]
[Round "5.28"]
[White "Xu, Zhihang"]
[Black "Moksh, Amit Doshi"]
[Result "1/2-1/2"]
[WhiteTitle "IM"]
[BlackTitle "IM"]
[WhiteElo "2511"]
[BlackElo "2383"]
[WhiteFideId "8611572"]
[BlackFideId "25064967"]
[EventDate "2024.12.03"]

1. Nf3 d5 2. g3 g6 3. Bg2 Bg7 4. d4 Nf6 5. c4 dxc4 6. O-O O-O 7. Na3 c5 8. Nxc4
Be6 9. b3 Nc6 10. Bb2 cxd4 11. Nxd4 Nxd4 12. Bxd4 b6 13. Ne5 Bd5 14. Nc6 Bxc6
15. Bxc6 Rc8 16. Bf3 Ne8 17. Bxg7 Nxg7 18. Rc1 Nf5 19. Bg4 e6 20. Rxc8 Qxc8 21.
Qa1 Rd8 22. Rd1 Rxd1+ 23. Qxd1 h5 24. Bxf5 exf5 25. e3 Qc7 26. h4 Qc8 27. Qd2
Qc7 28. Qd1 Qc8 29. Qd2 Qc7 30. Qd1 Qc8 1/2-1/2

[Event "Qatar Masters Open 2024"]
[Site "Doha QAT"]
[Date "2024.12.07"]
[Round "5.29"]
[White "Galaviz Medina, Sion Radamantys"]
[Black "Panda, Sambit"]
[Result "1-0"]
[WhiteTitle "IM"]
[BlackTitle "IM"]
[WhiteElo "2508"]
[BlackElo "2381"]
[WhiteFideId "5123119"]
[BlackFideId "25091794"]
[EventDate "2024.12.03"]

1. d4 d5 2. c4 e6 3. Nc3 Nf6 4. cxd5 exd5 5. Bg5 Be6 6. e3 Nbd7 7. Bd3 c6 8.
Nge2 h6 9. Bh4 g5 10. Bg3 Nh5 11. Qc2 Nxg3 12. Nxg3 h5 13. O-O Nf6 14. f3 Bd6
15. Nf5 Qc7 16. Nxd6+ Qxd6 17. Ne2 h4 18. Qd2 O-O-O 19. b4 Kb8 20. b5 cxb5 21.
Bxb5 g4 22. fxg4 Bxg4 23. Rab1 h3 24. g3 Ne4 25. Qb2 Bxe2 26. Bxe2 b6 27. Bf3
Ng5 28. a4 Rhe8 29. a5 Rxe3 30. axb6 a6 31. Bh5 Ne4 32. Rxf7 Rg8 33. g4 Ng5 34.
Qf2 Re6 35. Rf5 Ne4 36. Qa2 Kb7 37. Rf7+ Kb8 38. Qxa6 Re7 39. Rxe7 Qxe7 40. b7
Nd6 41. Qa8+ Kc7 42. b8=Q+ Rxb8 43. Qxb8+ Kd7 44. Qa7+ 1-0

[Event "Qatar Masters Open 2024"]
[Site "Doha QAT"]
[Date "2024.12.07"]
[Round "5.30"]
[White "Nurgaliyev, Sauat"]
[Black "Fawzy, Adham"]
[Result "0-1"]
[WhiteTitle "IM"]
[BlackTitle "GM"]
[WhiteElo "2374"]
[BlackElo "2493"]
[WhiteFideId "13726285"]
[BlackFideId "10613129"]
[EventDate "2024.12.03"]

1. e4 c5 2. Nf3 Nc6 3. Bb5 e6 4. Bxc6 bxc6 5. b3 f6 6. O-O e5 7. Nh4 g6 8. f4
exf4 9. Rxf4 Nh6 10. Bb2 Bg7 11. d3 O-O 12. Rf1 d5 13. Nd2 Ng4 14. Qe2 d4 15.
Nc4 f5 16. Nf3 Re8 17. h3 Nf6 18. e5 Ba6 19. c3 dxc3 20. Bxc3 Nd5 21. Bd2 Nb4
22. Bxb4 cxb4 23. Rfe1 Qd5 24. Rad1 Rad8 25. Qf2 c5 26. d4 cxd4 27. Rxd4 Qc5 28.
Rxd8 Qxf2+ 29. Kxf2 Rxd8 30. Na5 Rc8 31. Nd4 Bf8 32. Kg3 Rc5 33. Nac6 Bb7 34.
Nb8 Rc3+ 35. Kh2 Bh6 36. Rf1 Be3 37. Rd1 Bf4+ 38. Kg1 Bxe5 39. Nxf5 gxf5 40.
Rd8+ Kf7 41. Rd7+ Ke6 42. Rxb7 Bg3 43. Kf1 Re3 0-1

[Event "Qatar Masters Open 2024"]
[Site "Doha QAT"]
[Date "2024.12.07"]
[Round "5.31"]
[White "Bakhrillaev, Bakhrom"]
[Black "Srihari, L R"]
[Result "0-1"]
[WhiteTitle "FM"]
[BlackTitle "IM"]
[WhiteElo "2369"]
[BlackElo "2484"]
[WhiteFideId "14212285"]
[BlackFideId "46617116"]
[EventDate "2024.12.03"]

1. e4 d6 2. d4 Nf6 3. Nc3 e5 4. Nf3 Nbd7 5. h3 Be7 6. g4 h6 7. Be3 c6 8. a4 Qa5
9. Qd2 Nf8 10. Bg2 g5 11. O-O-O Ng6 12. Kb1 Be6 13. b3 Qc7 14. Qd3 a6 15. Kb2
Rc8 16. Rhe1 Kf8 17. d5 cxd5 18. exd5 e4 19. Nxe4 Bxd5 20. Nxf6 Bxf6+ 21. Kb1
Bxf3 22. Bxf3 Ne5 23. Qf5 Nxf3 24. Qxf6 Qxc2+ 25. Ka1 Qc3+ 26. Qxc3 Rxc3 27.
Rxd6 Nxe1 28. Rd8+ Ke7 29. Rxh8 Rc6 30. Bd2 Nd3 31. Be3 b5 32. axb5 axb5 33. Kb1
Nb4 34. Bd4 Nd3 35. Be3 b4 36. Bd2 Nxf2 37. Bxb4+ Kd7 38. Rh7 Ke8 39. Rh8+ Kd7
40. Rh7 Rf6 41. Bc3 Rf3 42. Kc2 Nxh3 43. Rxh6 Nf2 44. Rh5 Ne4 45. Bd4 Rf4 46.
Kd3 Rxg4 47. b4 Kc6 48. Rh7 f5 49. Rf7 Rg3+ 50. Ke2 Rb3 51. Be3 g4 52. Bf4 Rf3
53. b5+ Kb6 54. Be5 Kxb5 55. Rf8 Kc4 56. Rd8 Ng3+ 57. Kd1 Nf1 58. Rd4+ Kc5 59.
Rd8 Ne3+ 60. Ke2 Nc4 61. Bc7 Kc6 62. Bb8 Nb6 63. Be5 Nd7 64. Bh2 Rb3 65. Bf4 Rb4
66. Bg3 f4 67. Bf2 Rb2+ 68. Kf1 Rb8 69. Rxb8 Nxb8 70. Bh4 Kd5 71. Kf2 Nc6 72.
Bg5 Ke4 73. Bh4 Ne5 74. Bd8 Nd3+ 75. Ke2 g3 76. Kf1 Kf3 77. Bb6 g2+ 78. Kg1 Nc1
79. Kh2 Ne2 80. Ba7 g1=Q+ 0-1

[Event "Qatar Masters Open 2024"]
[Site "Doha QAT"]
[Date "2024.12.07"]
[Round "5.32"]
[White "Balajayeva, Khanim"]
[Black "Kukhmazov, Arsen"]
[Result "1/2-1/2"]
[WhiteTitle "IM"]
[BlackTitle "IM"]
[WhiteElo "2362"]
[BlackElo "2480"]
[WhiteFideId "13406396"]
[BlackFideId "24108260"]
[EventDate "2024.12.03"]

1. e4 c5 2. Nf3 e6 3. d4 cxd4 4. Nxd4 Nf6 5. Bd3 Nc6 6. Nxc6 bxc6 7. Bf4 d5 8.
Nd2 Be7 9. O-O O-O 10. e5 Nd7 11. Re1 Nc5 12. Nb3 Nxd3 13. cxd3 Qb6 14. Rc1 c5
15. Qc2 Ba6 16. Nxc5 Bxc5 17. Qxc5 Bxd3 18. Qxb6 axb6 19. Red1 Bf5 20. a3 Rfc8
21. Rxc8+ Rxc8 22. Rc1 Rxc1+ 23. Bxc1 Kf8 24. Be3 b5 25. Kf1 Ke7 26. Ke2 Kd7 27.
Bd4 Bb1 28. Kd2 Kc6 29. Kc3 Bf5 30. Kb4 Bd3 31. Kc3 Bb1 1/2-1/2